Don Don Donki Stores in Singapore - Statistics

General Stats
  • This quiz has been taken 18 times
  • The average score is 8 of 17
Answer Stats
Answer % Correct
Waterway Point
80%
Orchard Central
73%
HarbourFront Centre
67%
Jewel Changi Airport
67%
Suntec City
67%
Downtown East
53%
Jem
53%
Northpoint City
53%
Tampines 1
53%
Square 2
47%
Clarke Quay Central
40%
Jurong Point
40%
City Square Mall
33%
PLQ Mall
33%
100 AM
20%
Bukit Panjang Plaza
20%
Tiong Bahru Plaza
7%
No matching quizzes found
Score Distribution
Percent of People with Each Score
Percentile by Number Answered
Your Score History
You have not taken this quiz